Кн. 2 : Проектирование машин и их деталей; Справочник конструктора

Detaylı Bibliyografya
Parent link:Справочник конструктора: учебно-практическое пособие/ В. Н. Фещенко. Кн. 2 : Проектирование машин и их деталей.— 3-е изд., испр. и доп..— , 2019.— 978-5-9729-0254-5
Özet:Изложены основы и правила проектирования машин и передаточных механизмов и их деталей, приведены основы взаимозаменяемости, сведения по Единой системе допусков и посадок и по размерным цепям, применяемые при конструировании в соединениях деталей механизма или машины. Изложены методы определения нагрузочной способности и принципы конструирования деталей с вращательным и поступательным движением, корпусных литых и сварных деталей и др. Дана методика конструирования и расчета нагрузочной способности механических передач, а также нормы и показатели их точности. Приведены особенности конструкций подшипников скольжения и качения и методы определения их нагрузочной способности, а также даны методы их выбора и применения в конструкциях механизмов машин.
Dil:Rusça
Baskı/Yayın Bilgisi: 2019
Konular:
Materyal Türü: MixedMaterials Kitap
KOHA link:https://koha.lib.tpu.ru/cgi-bin/koha/opac-detail.pl?biblionumber=343238

MARC

LEADER 00000nam2a2200000 4500
001 343238
005 20231102005534.0
010 |a 9785972902538 
035 |a (RuTPU)RU\TPU\book\373123 
035 |a RU\TPU\book\369809 
090 |a 343238 
100 |a 20190719d2019 km y0rusy50 ca 
101 0 |a rus 
102 |a RU 
105 |a a gj 001zy 
200 0 |a Кн. 2 : Проектирование машин и их деталей 
210 |d 2019 
215 |a 398 с.  |c ил. 
320 |a Предметный указатель: с. 378-388 
320 |a Перечень ГОСТов: с. 389-393 
330 |a Изложены основы и правила проектирования машин и передаточных механизмов и их деталей, приведены основы взаимозаменяемости, сведения по Единой системе допусков и посадок и по размерным цепям, применяемые при конструировании в соединениях деталей механизма или машины. Изложены методы определения нагрузочной способности и принципы конструирования деталей с вращательным и поступательным движением, корпусных литых и сварных деталей и др. Дана методика конструирования и расчета нагрузочной способности механических передач, а также нормы и показатели их точности. Приведены особенности конструкций подшипников скольжения и качения и методы определения их нагрузочной способности, а также даны методы их выбора и применения в конструкциях механизмов машин. 
461 1 |0 (RuTPU)RU\TPU\book\373593  |y 978-5-9729-0254-5  |t Справочник конструктора  |o учебно-практическое пособие  |f В. Н. Фещенко  |v Кн. 2 : Проектирование машин и их деталей  |e 3-е изд., испр. и доп.  |d 2019 
606 1 |a Машиностроение  |x Конструирование  |2 stltpush  |3 (RuTPU)RU\TPU\subj\41438  |9 61229 
610 1 |a взаимозаменяемость 
610 1 |a детали машин 
610 1 |a точность 
610 1 |a проектирование 
610 1 |a детали с вращательным движением 
610 1 |a конструкции 
610 1 |a литые детали 
610 1 |a сварные детали 
610 1 |a зубчатые передачи 
610 1 |a винтовые передачи 
610 1 |a валы 
610 1 |a оси 
610 1 |a прочность 
610 1 |a подшипники скольжения 
610 1 |a подшипники качения 
610 1 |a справочники 
610 1 |a учебно-практические пособия 
675 |a 621.001.66(035)  |v 4 
801 1 |a RU  |b 63413507  |c 20181017 
801 2 |a RU  |b 63413507  |c 20190927  |g RCR 
942 |c BK 
959 |a 3/20180221  |d 1  |e 6200,00  |f ЧЗТЛ:1